ประมวลกฎหมายแพ่งและพาณิชย์ บรรพ 1-6 = (ระเบียนเลขที่ 47517)
| 000 -LEADER | |
|---|---|
| fixed length control field | 01600nam a22003017a 4500 |
| 003 - CONTROL NUMBER IDENTIFIER | |
| control field | NALT |
| 005 - DATE AND TIME OF LATEST TRANSACTION | |
| control field | 20240208133539.0 |
| 008 - FIXED-LENGTH DATA ELEMENTS--GENERAL INFORMATION | |
| fixed length control field | s2543 th thaeng |
| 020 ## - INTERNATIONAL STANDARD BOOK NUMBER | |
| International Standard Book Number | 9744470968 |
| 040 ## - CATALOGING SOURCE | |
| Original cataloging agency | NALT |
| 041 ## - LANGUAGE CODE | |
| Language code of text/sound track or separate title | thaeng |
| 090 ## - LOCALLY ASSIGNED LC-TYPE CALL NUMBER (OCLC); LOCAL CALL NUMBER (RLIN) | |
| Classification number (OCLC) (R) ; Classification number, CALL (RLIN) (NR) | KS 32 |
| Local cutter number (OCLC) ; Book number/undivided call number, CALL (RLIN) | ก134ป 2543 |
| 100 0# - MAIN ENTRY--PERSONAL NAME | |
| Personal name | กมล สนธิเกษตริน |
| 9 (RLIN) | 39413 |
| 245 10 - TITLE STATEMENT | |
| Title | ประมวลกฎหมายแพ่งและพาณิชย์ บรรพ 1-6 = |
| Remainder of title | The civil and commercial code books 1-6 / |
| Statement of responsibility, etc. | รวบรวมและแปลโดย กมล สนธิเกษตริน ; สุชาติ จิวะชาติ, เลิศชาย จิวะชาติ |
| 260 ## - PUBLICATION, DISTRIBUTION, ETC. | |
| Place of publication, distribution, etc. | กรุงเทพฯ : |
| Name of publisher, distributor, etc. | นิติบรรณการ, |
| Date of publication, distribution, etc. | 2543 |
| 300 ## - PHYSICAL DESCRIPTION | |
| Extent | 453 หน้า ; |
| Dimensions | 27 ซม. |
| 650 04 - SUBJECT ADDED ENTRY--TOPICAL TERM | |
| Topical term or geographic name entry element | กฎหมายแพ่งและพาณิชย์ บรรพ 6 |
| 650 04 - SUBJECT ADDED ENTRY--TOPICAL TERM | |
| Topical term or geographic name entry element | กฎหมายแพ่งและพาณิชย์ บรรพ 5 |
| 650 04 - SUBJECT ADDED ENTRY--TOPICAL TERM | |
| Topical term or geographic name entry element | กฎหมายแพ่งและพาณิชย์ บรรพ 4 |
| 650 04 - SUBJECT ADDED ENTRY--TOPICAL TERM | |
| Topical term or geographic name entry element | กฎหมายแพ่งและพาณิชย์ บรรพ 3 |
| 650 04 - SUBJECT ADDED ENTRY--TOPICAL TERM | |
| Topical term or geographic name entry element | กฎหมายแพ่งและพาณิชย์ บรรพ 2 |
| 650 04 - SUBJECT ADDED ENTRY--TOPICAL TERM | |
| Topical term or geographic name entry element | กฎหมายแพ่งและพาณิชย์ บรรพ 1 |
| 650 04 - SUBJECT ADDED ENTRY--TOPICAL TERM | |
| Topical term or geographic name entry element | Civil and commercial code -- Thailand |
| 700 0# - ADDED ENTRY--PERSONAL NAME | |
| Personal name | สุชาติ จิวะชาติ |
| 9 (RLIN) | 57656 |
| 700 0# - ADDED ENTRY--PERSONAL NAME | |
| Personal name | เลิศชาย จิวะชาติ |
| 9 (RLIN) | 57657 |
| 850 ## - HOLDING INSTITUTION | |
| Holding institution | NALT |
| 942 ## - ADDED ENTRY ELEMENTS (KOHA) | |
| Koha item type | Law Book |
| Source of classification or shelving scheme | Local Classification |
| 998 ## - STAFF NAME (NALT) | |
| -- | 4574 |
| -- | นักศึกษาฝึกงาน-01 |
| Withdrawn status | Lost status | Damaged status | Not for loan | Collection code | Home library | Current library | Date acquired | Total Checkouts | Full call number | Barcode | Date last seen | Date last checked out | Copy number | Price effective from | Koha item type |
|---|---|---|---|---|---|---|---|---|---|---|---|---|---|---|---|
| Law Book collection | National Assembly Library of Thailand | National Assembly Library of Thailand | 01/11/2022 | 1 | KS 32 ก134ป 2543 | 3961159641 | 11/11/2022 | 01/11/2022 | c. 2 | 09/06/2017 | Law Book | ||||
| Law Book collection | National Assembly Library of Thailand | National Assembly Library of Thailand | KS 32 ก134ป 2543 | 3961159640 | 09/06/2017 | c. 1 | 09/06/2017 | Law Book |
